Complejidad de lo interdisciplinar en las prácticas técnicoprofesionales en el campo de la educación. Una mirada epistemological (Record no. 171359)
[ view plain ]
| 000 -CABECERA | |
|---|---|
| campo de control de longitud fija | 02345nab a2200337 a 4500 |
| 003 - IDENTIFICADOR DEL NÚMERO DE CONTROL | |
| campo de control | DLC |
| 005 - FECHA Y HORA DE LA ÚLTIMA TRANSACCIÓN | |
| campo de control | 20210219162158.0 |
| 008 - ELEMENTOS DE LONGITUD FIJA--INFORMACIÓN GENERAL | |
| campo de control de longitud fija | 991125s1985 mx 000 0 spa u |
| 035 ## - NÚMERO DE CONTROL DEL SISTEMA | |
| Número de control de sistema | UPN01000199258 |
| 049 ## - COLECCIÓN | |
| Colección | ART-E |
| 100 1# - ASIENTO PRINCIPAL--NOMBRE PERSONAL | |
| Nombre de persona | Vercellino, Soledad |
| 100 1# - ASIENTO PRINCIPAL--NOMBRE PERSONAL | |
| Filiación | solevercellino@yahoo.com.ar |
| 100 1# - ASIENTO PRINCIPAL--NOMBRE PERSONAL | |
| Nombre de persona | Bertoldi, Sandra |
| 100 1# - ASIENTO PRINCIPAL--NOMBRE PERSONAL | |
| Filiación | bertoldi@speedy.com.ar |
| 222 ## - TÍTULO CLAVE | |
| Título clave | AULA : |
| Información calificativa | REVISTA DE PEDAGOGIA DE LA UNIVERSIDAD DE SALAMANCA |
| 245 ## - MENCIÓN DE TÍTULO | |
| Título | Complejidad de lo interdisciplinar en las prácticas técnicoprofesionales en el campo de la educación. Una mirada epistemological |
| 260 ## - PUBLICACIÓN, DISTRIBUCIÓN, ETC. | |
| Lugar de publicación, distribución, etc. | España |
| 300 ## - DESCRIPCIÓN FÍSICA | |
| Extensión | 97-110 |
| 362 0# - FECHAS DE PUBLICACIÓN Y/O DESIGNACIÓN SECUENCIAL | |
| Fecha de publicación y/o designación secuencial | 2012 Vol. 18 |
| 336 ## - TIPO DE CONTENIDO | |
| Término de tipo de contenido | texto$2rdacontent |
| 337 ## - TIPO DE MEDIO | |
| Nombre/término del tipo de medio | computadora$2rdamedia |
| 338 ## - TIPO DE SOPORTE | |
| Nombre/término del tipo de soporte | recurso en linea$2rdacarrier |
| 520 3# - NOTA DE RESUMEN, ETC. | |
| Sumario, etc. | Desde inicios del siglo XX existen registros sobre la conformación en el sistema educativo argentino de servicios que tienen la función de atender aquellas problemáticas presentes en el escenario escolar. Las políticas públicas argentinas, especialmente a partir de la apertura democrática (1983), orientaron a que la intervención de estos servicios adquiriera un carácter interdisciplinar, a través de equipos técnicoprofesionales. El estado del arte muestra que la pregunta acerca del alcance de la intervención interdisciplinar de estos equipos técnicos sigue vigente. Interesados por esta cuestión y ante la observancia de experiencias diversas respecto de la posibilidad de circulación de saberes entre profesionales y equipos técnicos en la provincia de Río Negro, hemos desarrollado desde la Universidad Nacional del Comahue un trabajo de investigación, tomando como estudio de caso los equipos técnicos del nivel medio del sistema educativo. Es nuestra intención dar a conocer algunas reflexiones epistemológicas sobre aquellos datos obtenidos en esa investigación vinculados a los sentidos que adquiere la noción de interdisciplina en las normativas educativas y en las prácticas de los equipos técnicos. |
| 653 0# - TERMINO DE INDIZACION - NO CONTROLADO | |
| Término no controlado | INTERDISCIPLINARIEDAD |
| 653 0# - TERMINO DE INDIZACION - NO CONTROLADO | |
| Término no controlado | EDUCACION MEDIA SUPERIOR |
| 653 0# - TERMINO DE INDIZACION - NO CONTROLADO | |
| Término no controlado | PRACTICAS TECNICO-PROFESIONALES |
| 653 0# - TERMINO DE INDIZACION - NO CONTROLADO | |
| Término no controlado | EPISTEMOLOGIA |
| 856 4# - LOCALIZACIÓN Y ACCESO ELECTRÓNICOS | |
| Identificador Uniforme del Recurso | <a href="http://campus.usal.es/~revistas_trabajo/index.php/0214-3402/article/view/8874/11799">http://campus.usal.es/~revistas_trabajo/index.php/0214-3402/article/view/8874/11799</a> |
| 905 ## - TIPO DE MATERIAL | |
| Tipo de material | Articulo |
No items available.
